000 00417nam a2200145Ia 4500
003 GCL
008 140319s9999 xx 000 0 eng d
040 _aGCL /
_cGCL
082 0 4 _a780.7
_bW T
100 1 _aWALKER, DARWIN E.
245 1 0 _aTeaching music: Managing the successful Music Program. /
_cWALKER, DARWIN E.
260 _a[S.N] :
_bSCHIRMER BOOKS
650 0 4 _aMUSIC - INSTRUCTION AND STUDY
942 _2ddc
_cBK
999 _c17284
_d17284